000 01138cam a22003377a 4500
003 CHAP
005 20220329141132.0
008 971010s1978 r 00010 d
010 _a63175
011 _a64147
035 _a69391
040 _cCHAP
082 0 4 _a511.8
_bA9Y
100 0 0 _aAyres, Frank.
_99021
245 1 0 _aTeoría y problemas de matemáticas financieras
260 _aMéxico, D. F. :
_bMcGraw-Hill,
_c1978
300 _a230 p.
490 0 _aSerie de compendios Shaum
590 _aBATCH-UPD
_b10
_c20130109
_lUCH01
_h2316
590 _aBATCH-UPD
_b10
_c20130110
_lUCH01
_h0701
590 _aBATCH-UPD
_b10
_c20130410
_lUCH01
_h0346
590 _aBATCH-UPD
_b10
_c20130914
_lUCH01
_h0502
590 _aCONVERSION
_b10
_c20130109
_lUCH01
_h1334
650 1 4 _aMatemáticas financieras.
_972912
830 0 _aSerie de compendios Shaum
_9104696
901 _aBK
942 _cLIBRO
949 _a511.8 A9Y
_bBC
_cLIBRO
_d33724000407813
_eLIBRO
_fc.4
_h78338
_i69391
_si
949 _a511.8 A9Y
_bBC
_cLIBRO
_d33724000413407
_eLIBRO
_fc.3
_h78337
_i69391
_si
949 _a511.8 A9Y
_bBC
_cLIBRO
_d33724000834495
_eLIBRO
_fc.2
_h45371
_i69391
_si
999 _c63175
_d63175